000
00266nam a22001097a 4500
008
170116b xxu||||| |||| 00| 0 eng d
020
_a
9780323001502
041
_a
eng
080
_a
618.2
245
_a
NURSING CARE OF INFANTS AND CHILDREN
_c
WONG, L.W
942
_2
udc
_c
BK
999
_c
2935
_d
2935